| 000 | 00000nam 2200000za 4500 |
| 001 | 9.674587 |
| 003 | CaOODSP |
| 005 | 20210624224824 |
| 007 | cr ||||||||||| |
| 008 | 150407s2007 onc|||||o f|0| 0 eng d |
| 040 | |aCaOODSP|beng |
| 041 | |aeng |
| 041 | |afre |
| 043 | |an-cn--- |
| 086 | 1 |aSE3-29/2007-PDF |
| 245 | 00|aFederal electoral legislation |h[electronic resource]. |
| 260 | |aOttawa : |bElections Canada, |c2007. |
| 300 | |a493 p. : |bill. |
| 590 | |a07-28|b2007-07-13 |
| 690 | 07|aElectoral system|2gcpds |
| 710 | 2 |aElections Canada. |
| 776 | 0#|tLégislation électorale fédérale. |w(CaOODSP)9.668386 |
| 792 | |tLégislation électorale fédérale |efre|w(CaOODSP)9.674588 |
| 795 | |tFederal electoral legislation |w(CaOODSP)9.676673 |
| 856 | 40|ahttp://publications.gc.ca|qPDF|s4924 KB|uhttps://publications.gc.ca/collections/collection_2007/elections/SE3-29-2007.pdf |